|
|
|
|
| LEADER |
00000nab#a22000007a#4500 |
| 001 |
arbauad001131 |
| 003 |
AR-BaUAD |
| 005 |
20250711110426.0 |
| 008 |
930705|||||||||###||||||b###|0###a|spa|| |
| 040 |
|
|
|a AR-BaUAD
|c AR-BaUAD
|b spa
|
| 100 |
|
|
|a Burney, Jan
|
| 245 |
|
|
|a Graham Reynolds /
|c Jan Burney;
|
| 300 |
0 |
|
|b il.
|
| 653 |
|
|
|a ILUSTRACIONES
|
| 653 |
|
|
|a AUTOMOVILES
|
| 653 |
|
|
|a REYNOLDS, GRAHAM
|
| 653 |
|
|
|a ILUSTRADORES
|
| 653 |
|
|
|a REINO UNIDO
|
| 653 |
|
|
|a DISEÑO GRAFICO
|
| 773 |
0 |
|
|t GRAPHIS
|g no. 284 [mar.-abr. 1993], p. 35-41
|
| 942 |
|
|
|c ARTI
|
| 952 |
|
|
|0 0
|1 0
|4 0
|7 0
|9 46051
|a AR-BAuAD
|b AR-BAuAD
|d 2025-07-11
|l 0
|p AAQA001131
|r 2025-07-11 11:04:26
|w 2025-07-11
|y ARTI
|
| 990 |
|
|
|a DG199
|b TD
|
| 998 |
|
|
|a AAQ
|b BIBUN76
|
| 999 |
|
|
|c 25724
|d 25724
|